| 000 | 01384nam0a2200325 4500 | ||
|---|---|---|---|
| 001 | RU\NLR\bibl\525012 | ||
| 005 | 20250609145833.0 | ||
| 010 |
_a5-94552-023-3 _9100 |
||
| 021 |
_aRU _b2004-23002 _91163 |
||
| 035 | _a(NLR Aleph) 000517390 | ||
| 090 |
_a1271470 _c1271470 |
||
| 100 | _a20040531d2003 |||y0rusy50 ca | ||
| 101 | 0 | _arus | |
| 102 | _aRU | ||
| 105 | _ay ||||||||| | ||
| 200 | 1 |
_aПравовое положение личности в Российской Федерации _fЮ.В. Анохин, В.Г. Сидоров _gМ-во внутр. дел Рос. Федерации, Барнаул. юрид. ин-т |
|
| 210 |
_aБарнаул _cБЮИ _d2003 |
||
| 215 |
_a88 с. _d21 |
||
| 300 | _aПеред вып. дан. авт.: Ю.В. Анохин, к.ю.н., доц., В.Г. Сидоров, к.ю.н. | ||
| 320 | _aБиблиогр. в подстроч. примеч. | ||
| 606 | 0 |
_aЛичность _xПравовое положение _yРоссийская Федерация _92259620 _3RU\NLR\auth\661354953 |
|
| 686 | _aХ620.3 | ||
| 700 | 1 |
_aАнохин _bЮ. В. _gЮрий Васильевич _4070 |
|
| 701 | 1 |
_aСидоров _bВ. Г. _gВиталий Григорьевич _4070 |
|
| 801 | 0 |
_aRU _bNLR _c20040531 _gPSBO |
|
| 801 | 1 |
_aRU _bNLR _c20040531 |
|
| 830 | _aАвт. по кн. | ||
| 942 | _cBOOK | ||
| 980 | _aNB | ||